[Event "MetroWest CC New Year op"]
[Site "Natick"]
[Date "2015.01.13"]
[Round "2.4"]
[White "Mosiyenko, Daniil"]
[Black "Satici, Aykut Cihan"]
[Result "1-0"]
[WhiteElo "2249"]
[BlackElo "2083"]
[PlyCount "59"]
[EventDate "2015.01.06"]
[EventType "swiss"]
[EventRounds "3"]
[EventCountry "USA"]
[SourceTitle "EXT 2023"]
[Source "ChessBase"]
[SourceDate "2022.10.05"]
[SourceVersion "1"]
[SourceVersionDate "2022.10.05"]
[SourceQuality "1"]

1. e4 c6 2. d4 d5 3. e5 Bf5 4. Nc3 e6 5. g4 Bg6 6. Nge2 f6 7. Nf4 fxe5 8. dxe5 Bf7 9. Qe2 Bb4 10. Bd2 Nd7 11. Bg2 Ne7 12. Nd3 Bxc3 13. Bxc3 Qc7 14. f4 Bg6 15. 0-0-0 0-0-0 16. h4 h5 17. f5 exf5 18. g5 Rhe8 19. e6 Nf8 20. Bxg7 Ng8 21. Bxf8 Rxf8 22. Ne5 Ne7 23. Nxg6 Nxg6 24. Qxh5 Nf4 25. Qf3 Nxe6 26. Kb1 Qf4 27. Rde1 Rfe8 28. g6 Qxf3 29. Bxf3 Nd4 30. Bd1 1-0

[Event "Bursa op 07"]
[Site "Bursa"]
[Date "2011.07.16"]
[Round "2"]
[White "Satici, Aykut Cihan"]
[Black "Sahin, Ozgun"]
[Result "1-0"]
[WhiteElo "2090"]
[BlackElo "1704"]
[PlyCount "125"]
[EventDate "2011.07.15"]
[EventType "swiss"]
[EventRounds "7"]
[EventCountry "TUR"]
[SourceTitle "EXT 2012"]
[Source "ChessBase"]
[SourceDate "2011.11.24"]
[SourceVersion "1"]
[SourceVersionDate "2011.11.24"]
[SourceQuality "1"]

1. e4 c5 2. Nf3 d6 3. d3 Nc6 4. g3 g6 5. Bg2 Bg7 6. 0-0 e6 7. c3 Nge7 8. Be3 0-0 9. d4 cxd4 10. cxd4 d5 11. Nc3 a6 12. Qd2 b5 13. e5 Bd7 14. b3 Rc8 15. Rac1 Nf5 16. Bg5 Qb6 17. Rfd1 Rc7 18. g4 Nfe7 19. Ne2 Rfc8 20. Rc5 Kf8 21. b4 Ng8 22. Nc1 Ke8 23. Nd3 Bf8 24. Qb2 Bxc5 25. dxc5 Qa7 26. Nf4 Nce7 27. Nd4 a5 28. a3 axb4 29. axb4 Ra8 30. Bf1 Qa4 31. Nc2 Qa7 32. Ra1 Qb7 33. Rxa8+ Qxa8 34. Nd4 Rb7 35. Qc3 Qa6 36. Qh3 Qa1 37. Qe3 Qb2 38. Nd3 Qa3 39. Qh3 Qc3 40. Qe3 Nc6 41. Nxc6 Bxc6 42. Qh3 f6 43. Bf4 Rf7 44. exf6 Qxf6 45. Qe3 d4 46. Qe5 Qxe5 47. Bxe5 Rd7 48. Bd6 Ne7 49. Ne5 Kd8 50. Bxe7+ Kxe7 51. Nxc6+ Kf6 52. f4 d3 53. Ne5 Rd4 54. Nxd3 g5 55. fxg5+ Kxg5 56. h3 Kf6 57. Kf2 e5 58. Ke3 Rc4 59. Bg2 Rc2 60. Bc6 Rh2 61. Bxb5 Rxh3+ 62. Ke4 Rg3 63. Bd7 1-0